[Event "Chigorin Memorial"]
[Site "St Petersburg"]
[Date "2015.10.10"]
[Round "8.173"]
[White "Chechetko, Georgy"]
[Black "Zakharov, Yuri"]
[Result "1-0"]
[WhiteElo "1827"]
[BlackElo "1733"]
[PlyCount "89"]
[EventDate "2015.10.03"]
[EventRounds "9"]
[EventCountry "RUS"]

1. e4 d6 2. d4 Nf6 3. Nc3 g6 4. Be3 Bg7 5. f3 c6 6. Qd2 h5 7. Nge2 b5 8. a3 a6
9. Nf4 Qc7 10. Be2 Nbd7 11. O-O Nb6 12. Rad1 e5 13. dxe5 dxe5 14. Nd3 Nc4 15.
Qc1 Nxe3 16. Qxe3 O-O 17. Kh1 Qe7 18. Qc5 Qxc5 19. Nxc5 Ra7 20. Rd6 Rc7 21.
Rfd1 Ne8 22. R6d2 Bh6 23. Rd3 Nf6 24. Na2 a5 25. Nc1 g5 26. N1b3 a4 27. Nc1 g4
28. Na2 Bg5 29. Nb4 Nh7 30. Nd7 Re8 31. fxg4 c5 32. Na2 c4 33. Rd5 Bb7 34. Rxe5
Rxe5 35. Nxe5 Bxe4 36. c3 hxg4 37. Bxg4 f5 38. Bf3 Bc2 39. Rd5 Re7 40. Nb4 Be4
41. Rxb5 Bf6 42. Nxc4 Bb1 43. Kg1 Ng5 44. Nd2 Re1+ 45. Kf2 1-0

[Event "Chigorin Memorial"]
[Site "St Petersburg"]
[Date "2015.10.10"]
[Round "8.174"]
[White "Golikov, Sergei"]
[Black "Glazov, Anatoly"]
[Result "1-0"]
[WhiteElo "1708"]
[BlackElo "1827"]
[PlyCount "105"]
[EventDate "2015.10.03"]
[EventRounds "9"]
[EventCountry "RUS"]

1. d4 d5 2. c4 e6 3. Nc3 Nf6 4. cxd5 exd5 5. Bg5 Be7 6. e3 O-O 7. Bd3 h6 8. Bh4
c6 9. Nge2 Bg4 10. f3 Be6 11. Bf2 Re8 12. Bc2 Na6 13. a3 b5 14. O-O b4 15. axb4
Nxb4 16. Bb1 Bd6 17. e4 Be7 18. e5 Nh7 19. f4 f5 20. exf6 Nxf6 21. h3 Bd6 22.
Bh4 Bf7 23. Kh1 Re3 24. Qd2 Qe8 25. Bxf6 gxf6 26. Bf5 a6 27. Rae1 Ra7 28. Nd1
Ree7 29. Nec3 Bxf4 30. Qxf4 Rxe1 31. Qg3+ Kh8 32. Rxe1 Re7 33. Rxe7 Qxe7 34.
Qe3 Qf8 35. Ne2 Bh5 36. g4 Bf7 37. Nf4 Qd6 38. Ne6 Kg8 39. Qxh6 Bxe6 40. Qg6+
Kf8 41. Qxf6+ Ke8 42. Bxe6 Nc2 43. Qe5 Qxe5 44. dxe5 d4 45. Bc4 a5 46. Kh2 Ne1
47. Kg3 Ke7 48. Kf4 d3 49. g5 Ng2+ 50. Kg4 d2 51. g6 Kd8 52. Kg5 Ne1 53. Kf6
1-0

[Event "Chigorin Memorial"]
[Site "St Petersburg"]
[Date "2015.10.10"]
[Round "8.175"]
[White "Shadunts, Kirill"]
[Black "Matchenya, Ivan"]
[Result "1-0"]
[WhiteElo "1715"]
[BlackElo "1795"]
[PlyCount "189"]
[EventDate "2015.10.03"]
[EventRounds "9"]
[EventCountry "RUS"]

1. d4 Nf6 2. c4 e6 3. Nc3 Bb4 4. Qc2 d5 5. cxd5 exd5 6. Bg5 O-O 7. e3 Re8 8.
Be2 h6 9. Bh4 c5 10. Nf3 c4 11. O-O Be6 12. Ne5 Bxc3 13. bxc3 Nbd7 14. f4 Nf8
15. h3 N8h7 16. g4 g5 17. Be1 Ne4 18. Bxc4 f6 19. Nf3 dxc4 20. Qxe4 Bf7 21. Qc2
Rxe3 22. Bd2 Re8 23. fxg5 hxg5 24. Qf5 Qd5 25. Qxd5 Bxd5 26. Kf2 Re6 27. Rfe1
Be4 28. Re3 Rae8 29. Rae1 Nf8 30. Ne5 Bd5 31. Nf3 Be4 32. Ne5 Bd5 33. Nf3 Rxe3
34. Rxe3 Rxe3 35. Bxe3 Kf7 36. Bc1 Ke6 37. Kg3 Ng6 38. Nxg5+ fxg5 39. Bxg5 b5
40. h4 a5 41. a3 Ne7 42. h5 Nc6 43. Bd2 Kf6 44. Kf4 Kf7 45. g5 Bg2 46. Kg4 Be4
47. Kf4 Bd3 48. d5 Nd8 49. Ke5 Nb7 50. Be3 Ke7 51. g6 Bc2 52. Bg5+ Kf8 53. d6
Nc5 54. Kd5 Nd7 55. Kc6 Ke8 56. Kxb5 Ne5 57. Bf6 Nd7 58. Bd4 Nb8 59. Kxc4 Kd7
60. Bf2 Nc6 61. Kd5 Bb3+ 62. c4 Bc2 63. Bg3 Bd3 64. Kc5 Be4 65. Kb6 a4 66. c5
Nd4 67. Ka5 Bc2 68. g7 Nc6+ 69. Kb5 Bb3 70. h6 Nd4+ 71. Kb6 Bg8 72. Ka5 Kc6 73.
Kxa4 Ne6 74. Bf2 Nd8 75. Kb4 Nf7 76. Be3 Ne5 77. a4 Ng4 78. Bg5 Ne5 79. Be3 Ng4
80. Bf4 Nf6 81. Bg5 Ne4 82. Be3 Nf6 83. Bd4 Nd7 84. Kc3 Nb8 85. Kd3 Bh7+ 86.
Ke3 Nd7 87. Kf4 Kb7 88. a5 Nb8 89. Kg5 Nd7 90. Kg4 Nb8 91. Kf4 Nc6 92. Bc3 Nb8
93. Ke5 Nd7+ 94. Ke6 Nxc5+ 95. Kf7 1-0

[Event "Chigorin Memorial"]
[Site "St Petersburg"]
[Date "2015.10.10"]
[Round "8.176"]
[White "Lemeshev, Roman"]
[Black "Shugalei, Mikhail"]
[Result "0-1"]
[WhiteElo "1763"]
[BlackElo "1663"]
[PlyCount "70"]
[EventDate "2015.10.03"]
[EventRounds "9"]
[EventCountry "RUS"]

1. e4 c5 2. Nf3 Nc6 3. d4 cxd4 4. Nxd4 Nf6 5. Nc3 g6 6. Be3 Bg7 7. Be2 O-O 8.
Nb3 d6 9. f4 e5 10. Qd2 Ng4 11. Bxg4 Bxg4 12. O-O exf4 13. Bxf4 Ne5 14. h3 Be6
15. Bxe5 dxe5 16. Nd5 Bxd5 17. exd5 Qb6+ 18. Kh1 Rad8 19. c4 Qd6 20. Rac1 e4
21. Rfe1 f5 22. Na5 Qg3 23. b3 Be5 24. Kg1 Bf4 25. Qc3 Qh2+ 26. Kf1 Qh1+ 27.
Kf2 Qh2 28. Rc2 e3+ 29. Ke2 Bg3 30. Rec1 Qxg2+ 31. Kd3 Qe4+ 32. Ke2 f4 33. Kd1
f3 34. Nxb7 e2+ 35. Rxe2 Qxe2# 0-1

[Event "Chigorin Memorial"]
[Site "St Petersburg"]
[Date "2015.10.10"]
[Round "8.177"]
[White "Bagaeva, Maria"]
[Black "Stroganov, Anatoly"]
[Result "0-1"]
[WhiteElo "1500"]
[BlackElo "1795"]
[PlyCount "84"]
[EventDate "2015.10.03"]
[EventRounds "9"]
[EventCountry "RUS"]

1. e4 d6 2. d4 Nf6 3. Nc3 g6 4. Be3 Bg7 5. h3 e6 6. Nf3 a6 7. Qd2 b5 8. b4 Bb7
9. Bd3 Nbd7 10. Bh6 O-O 11. Bxg7 Kxg7 12. Qe3 Re8 13. e5 Nd5 14. Nxd5 exd5 15.
O-O dxe5 16. dxe5 Qe7 17. Qd4 Nf8 18. Rfe1 Ne6 19. Qg4 h5 20. Qg3 Qxb4 21. Nh4
Qf4 22. Qxf4 Nxf4 23. Rab1 c5 24. Bf1 Bc6 25. g3 Ne6 26. f4 d4 27. Be2 Rad8 28.
f5 Ng5 29. f6+ Kf8 30. Bf1 Re6 31. Re2 Ne4 32. Rbe1 Nxg3 33. Rf2 Nxf1 34. Kxf1
b4 35. Nf3 Rde8 36. Ra1 Bxf3 37. Rxf3 Rxe5 38. a3 a5 39. axb4 cxb4 40. Rd3 Rf5+
41. Kg1 Re6 42. Rc1 Rexf6 0-1

[Event "Chigorin Memorial"]
[Site "St Petersburg"]
[Date "2015.10.10"]
[Round "8.178"]
[White "Lyubokhiner, Leonid M"]
[Black "Chekletsova, Darya"]
[Result "1-0"]
[WhiteElo "1723"]
[BlackElo "1495"]
[PlyCount "123"]
[EventDate "2015.10.03"]
[EventRounds "9"]
[EventCountry "RUS"]

1. d4 d5 2. c4 e6 3. Nc3 Nf6 4. Bf4 c6 5. e3 Nbd7 6. Bd3 Be7 7. Nf3 b6 8. O-O
O-O 9. Re1 Bb7 10. cxd5 cxd5 11. Rc1 a6 12. Re2 Ne8 13. e4 dxe4 14. Bxe4 Bxe4
15. Nxe4 Rc8 16. Rec2 Rxc2 17. Qxc2 Nef6 18. h3 Nxe4 19. Qxe4 Nf6 20. Qe2 Nd5
21. Be5 a5 22. a3 Bd6 23. Rc6 Bxe5 24. Qxe5 Qa8 25. Rc2 Rc8 26. Qe4 h6 27. Ne5
Rxc2 28. Qxc2 Qd8 29. Qc6 g6 30. Kh1 Kg7 31. Qc1 Nf6 32. Qxh6+ Kg8 33. Qh8+
Kxh8 34. Nxf7+ Kg7 35. Nxd8 Kf8 36. Nxe6+ Ke7 37. Nc7 Kd7 38. Nb5 Kc6 39. Nc3
b5 40. Kg1 b4 41. axb4 axb4 42. Ne2 Kb5 43. Nf4 g5 44. Ne6 Ne4 45. f4 gxf4 46.
Nxf4 Nd2 47. h4 Kc4 48. h5 Ne4 49. h6 Ng5 50. d5 Kb5 51. Ne6 Nf7 52. h7 Kb6 53.
Kf2 Kb7 54. Ke3 Kc8 55. Kd4 Kd7 56. g4 Kd6 57. g5 Ke7 58. b3 Ke8 59. g6 Nh8 60.
Nf4 Kf8 61. Kc4 Kg7 62. Kxb4 1-0

[Event "Chigorin Memorial"]
[Site "St Petersburg"]
[Date "2015.10.10"]
[Round "8.179"]
[White "Tsyrendashiev, Bato"]
[Black "Biyachuev, Minkail"]
[Result "1-0"]
[WhiteElo "1631"]
[BlackElo "1437"]
[PlyCount "85"]
[EventDate "2015.10.03"]
[EventRounds "9"]
[EventCountry "RUS"]

1. e4 e5 2. Nf3 Nf6 3. Nxe5 Nc6 4. Nxc6 dxc6 5. Nc3 Bc5 6. Be2 Qe7 7. d3 Be6 8.
O-O O-O-O 9. Be3 Bd4 10. Qd2 Qb4 11. Bxd4 Qxd4 12. Qe3 Qxe3 13. fxe3 h5 14. d4
Ng4 15. Rf3 f6 16. Rg3 g5 17. h3 Nh6 18. Bxh5 Kb8 19. Be2 Rdg8 20. Rf1 f5 21.
Bd3 f4 22. exf4 gxf4 23. Rxg8+ Rxg8 24. Kh2 Rf8 25. Ne2 Rh8 26. Nxf4 Bd7 27.
Ng6 Rd8 28. c3 b5 29. g4 c5 30. d5 c4 31. Bc2 Kb7 32. Rf8 Nxg4+ 33. hxg4 Rxf8
34. Nxf8 Bxg4 35. Kg3 Bh5 36. Kf4 Kb6 37. e5 Kc5 38. Bg6 Be2 39. Bf7 a5 40. Ng6
Bf1 41. e6 a4 42. e7 a3 43. e8=Q 1-0

[Event "Chigorin Memorial"]
[Site "St Petersburg"]
[Date "2015.10.10"]
[Round "8.181"]
[White "Prishibilovich, Matvei"]
[Black "Muradyan, Asya"]
[Result "1-0"]
[WhiteElo "1409"]
[BlackElo "1501"]
[PlyCount "55"]
[EventDate "2015.10.03"]
[EventRounds "9"]
[EventCountry "RUS"]

1. d4 Nf6 2. c4 g6 3. Nc3 Bg7 4. e4 d6 5. Be2 O-O 6. g4 e5 7. d5 h6 8. h4 Nh7
9. Be3 c6 10. Qd2 g5 11. hxg5 Nxg5 12. Rh5 f6 13. dxc6 bxc6 14. O-O-O Rf7 15.
Qxd6 Rd7 16. Qa3 Rxd1+ 17. Bxd1 a6 18. Qb3 Kh8 19. Nh3 Nf7 20. f4 Qd3 21. Bd2
Qf1 22. f5 Nd7 23. g5 fxg5 24. Nxg5 Nxg5 25. Bxg5 Kh7 26. c5 Qf2 27. Qf7 Rb8
28. Rxh6# 1-0

[Event "Chigorin Memorial"]
[Site "St Petersburg"]
[Date "2015.10.11"]
[Round "9.1"]
[White "Kokarev, Dmitry"]
[Black "Belous, Vladimir"]
[Result "1-0"]
[WhiteElo "2603"]
[BlackElo "2566"]
[PlyCount "63"]
[EventDate "2015.10.03"]
[EventRounds "9"]
[EventCountry "RUS"]
[WhiteClock "0:27:37"]
[BlackClock "0:08:35"]

1. e4 e5 2. Nf3 Nf6 3. Nxe5 d6 4. Nf3 Nxe4 5. d4 d5 6. Bd3 Nc6 7. O-O Be7 8.
Nc3 Nxc3 9. bxc3 Bg4 10. h3 Bh5 11. Rb1 Rb8 12. Bf5 O-O 13. Qd3 Bg6 14. Re1 Re8
15. Bf4 b6 16. Re2 Qc8 17. Nh4 Bxf5 18. Nxf5 Qd7 19. Rbe1 b5 20. h4 a6 21. Qh3
Kf8 22. Qg4 Bf6 23. Nd6 Re6 24. Rxe6 fxe6 25. Rxe6 Rd8 26. Re8+ Qxe8 27. Nxe8
Rxe8 28. Bxc7 Re1+ 29. Kh2 Re4 30. Bd6+ Kf7 31. Qd7+ Ne7 32. Bxe7 1-0

[Event "Chigorin Memorial"]
[Site "St Petersburg"]
[Date "2015.10.11"]
[Round "9.3"]
[White "Rozum, Ivan"]
[Black "Aleksandrov, Aleksej"]
[Result "1/2-1/2"]
[WhiteElo "2547"]
[BlackElo "2606"]
[PlyCount "69"]
[EventDate "2015.10.03"]
[EventRounds "9"]
[EventCountry "RUS"]
[WhiteClock "0:59:44"]
[BlackClock "0:37:26"]

1. d4 d5 2. Nf3 Nf6 3. c4 e6 4. g3 dxc4 5. Bg2 Bb4+ 6. Bd2 a5 7. Qc2 Bxd2+ 8.
Qxd2 c6 9. a4 Ne4 10. Qc1 Nd6 11. Ne5 Qb6 12. Qc3 f6 13. Nf3 c5 14. Na3 Nc6 15.
dxc5 Qxc5 16. Nd2 Ne5 17. Rc1 Bd7 18. Naxc4 Nexc4 19. Nxc4 Qxc4 20. Qxc4 Nxc4
21. Rxc4 Ke7 22. b4 axb4 23. Rxb4 Rxa4 24. Rxa4 Bxa4 25. Bxb7 Rb8 26. Bf3 Rb1+
27. Kd2 Rb2+ 28. Kc3 Rc2+ 29. Kd3 Ra2 30. Rc1 f5 31. Bc6 Ra3+ 32. Kd2 Ra2+ 33.
Kd3 Ra3+ 34. Kd2 Ra2+ 35. Kd3 1/2-1/2

[Event "Chigorin Memorial"]
[Site "St Petersburg"]
[Date "2015.10.11"]
[Round "9.4"]
[White "Alekseenko, Kirill"]
[Black "Sakaev, Konstantin"]
[Result "1-0"]
[WhiteElo "2539"]
[BlackElo "2594"]
[PlyCount "133"]
[EventDate "2015.10.03"]
[EventRounds "9"]
[EventCountry "RUS"]
[WhiteClock "0:14:23"]
[BlackClock "0:01:42"]

1. e4 e5 2. Nf3 Nc6 3. Bb5 Nf6 4. d3 Bc5 5. Bxc6 dxc6 6. Nbd2 O-O 7. Nc4 Nd7 8.
O-O Re8 9. Bd2 Bd6 10. Bc3 c5 11. a4 b6 12. g3 f6 13. Nh4 Nb8 14. f4 Nc6 15.
Qh5 Be6 16. fxe5 Bf7 17. Qg4 Bxe5 18. Nf5 Bg6 19. Nxe5 Nxe5 20. Qf4 Bxf5 21.
Qxf5 Qd6 22. Rf4 Rad8 23. Raf1 Qe6 24. b3 Qxf5 25. Rxf5 Nf7 26. Kg2 Rd7 27. g4
h6 28. h4 a5 29. Kg3 Re6 30. Bb2 Re8 31. Bc1 Re6 32. Kh3 Re8 33. Rg1 Re5 34.
Rg3 Re6 35. Kg2 Red6 36. Kf1 Re6 37. Ke2 Nd6 38. Rf1 Re8 39. Be3 Rf7 40. Bf4
Rd7 41. Rgg1 Nf7 42. Be3 Re6 43. g5 hxg5 44. hxg5 Nxg5 45. Bxg5 fxg5 46. Rxg5
Rf7 47. Rfg1 Kh7 48. Ke3 Rh6 49. e5 Rh2 50. R5g2 Rh4 51. c3 Kg8 52. d4 cxd4+
53. cxd4 Kf8 54. Rg4 Rh3+ 55. R1g3 Rh1 56. Ke4 c6 57. Rg6 Rc1 58. Rd6 Rff1 59.
Rd7 Rce1+ 60. Re3 Rxe3+ 61. Kxe3 g5 62. Rd6 Re1+ 63. Kd2 Rb1 64. Rxc6 Rxb3 65.
d5 Rb4 66. Ke3 Rxa4 67. d6 1-0

[Event "Chigorin Memorial"]
[Site "St Petersburg"]
[Date "2015.10.11"]
[Round "9.6"]
[White "Can, Emre"]
[Black "Sandipan, Chanda"]
[Result "0-1"]
[WhiteElo "2531"]
[BlackElo "2567"]
[PlyCount "64"]
[EventDate "2015.10.03"]
[EventRounds "9"]
[EventCountry "RUS"]
[WhiteClock "0:26:53"]
[BlackClock "0:25:22"]

1. Nf3 f5 2. g3 Nf6 3. Bg2 e6 4. O-O d5 5. c4 c6 6. d3 Be7 7. b3 O-O 8. Bb2 a5
9. a3 Na6 10. Nbd2 Ng4 11. Qc2 Bf6 12. e4 Bxb2 13. Qxb2 Nc5 14. exf5 exf5 15.
Qc3 Qf6 16. Qxf6 Nxf6 17. d4 Ne6 18. Rad1 a4 19. b4 g5 20. Rfe1 g4 21. Nh4 f4
22. cxd5 cxd5 23. Nb1 f3 24. Bf1 Ne4 25. Re3 N6g5 26. Nc3 Be6 27. h3 gxh3 28.
Nxe4 dxe4 29. d5 Rfd8 30. Bc4 Rac8 31. Rd4 b5 32. dxe6 Rxd4 0-1

[Event "Chigorin Memorial"]
[Site "St Petersburg"]
[Date "2015.10.11"]
[Round "9.7"]
[White "Turov, Maxim"]
[Black "Soffer, Ram"]
[Result "1/2-1/2"]
[WhiteElo "2609"]
[BlackElo "2479"]
[PlyCount "165"]
[EventDate "2015.10.03"]
[EventRounds "9"]
[EventCountry "RUS"]
[WhiteClock "0:07:29"]
[BlackClock "0:10:05"]

1. e4 c5 2. Nf3 e6 3. g3 Nc6 4. Bg2 Nf6 5. d3 d5 6. Nbd2 Be7 7. O-O O-O 8. Re1
b5 9. e5 Nd7 10. Nf1 b4 11. h4 a5 12. h5 a4 13. h6 g6 14. a3 bxa3 15. bxa3 f6
16. exf6 Bxf6 17. Rb1 Nde5 18. Nxe5 Bxe5 19. Nh2 Bh8 20. Nf3 Qd6 21. c4 Bd7 22.
Bb2 Bxb2 23. Rxb2 Rf5 24. Bh3 Rf6 25. Ng5 Nd4 26. Rb7 Qc6 27. Qb1 Raf8 28. f4
Nf5 29. Bxf5 gxf5 30. Qb5 dxc4 31. Qxc6 Bxc6 32. Rg7+ Kh8 33. Rxh7+ Kg8 34.
dxc4 Rg6 35. Rc7 Be4 36. h7+ Kh8 37. Kf2 e5 38. Rd1 exf4 39. gxf4 Rb6 40. Rcd7
Rb2+ 41. R1d2 Rxd2+ 42. Rxd2 Rb8 43. Kg3 Rb3+ 44. Kh4 Rd3 45. Rxd3 Bxd3 46.
Nf7+ Kxh7 47. Ne5 Bc2 48. Kh5 Kg7 49. Kg5 Be4 50. Nd7 Kf7 51. Nxc5 Bc2 52. Na6
Bd3 53. Nb4 Bxc4 54. Kxf5 Bb3 55. Ke5 Ke7 56. Nd5+ Kf7 57. Nc3 Bc2 58. Nb5 Bb3
59. Nd6+ Ke7 60. Ne4 Kf7 61. Nc5 Bd1 62. Ne6 Bb3 63. Nd4 Bd1 64. Kf5 Bb3 65.
Nf3 Bc2+ 66. Ke5 Bb3 67. Ng5+ Ke7 68. Ne4 Kf7 69. Ng3 Ke7 70. Nf1 Kf7 71. Ne3
Ke7 72. Kf5 Kf7 73. Kg5 Ba2 74. Nf5 Bb3 75. Nd4 Bd5 76. Nb5 Bb3 77. Nd4 Bd5 78.
Kf5 Bb3 79. Nf3 Bc2+ 80. Kg5 Bb3 81. Ne5+ Ke6 82. Nf3 Kf7 83. Kf5 1/2-1/2

[Event "Chigorin Memorial"]
[Site "St Petersburg"]
[Date "2015.10.11"]
[Round "9.8"]
[White "Goganov, Aleksey"]
[Black "Bodnaruk, Anastasia"]
[Result "1/2-1/2"]
[WhiteElo "2603"]
[BlackElo "2459"]
[PlyCount "139"]
[EventDate "2015.10.03"]
[EventRounds "9"]
[EventCountry "RUS"]
[WhiteClock "0:13:45"]
[BlackClock "0:02:39"]

1. d4 Nf6 2. c4 e6 3. Nf3 Bb4+ 4. Bd2 Qe7 5. g3 Bxd2+ 6. Qxd2 Nc6 7. b3 Ne4 8.
Qb2 d5 9. Bg2 b6 10. Nc3 Nxc3 11. Qxc3 Bb7 12. O-O O-O 13. Rfc1 Rad8 14. cxd5
exd5 15. Ne5 Rd6 16. e3 f6 17. Bxd5+ Rxd5 18. Nxc6 Qe4 19. Qc2 Qf3 20. e4 Bxc6
21. Qxc6 Qxe4 22. Qxc7 Qxd4 23. Qc2 Rfd8 24. Re1 Rc5 25. Qe2 Re5 26. Qf1 Rxe1
27. Rxe1 Qd5 28. Qa6 Qf7 29. Qb5 g6 30. Qc6 Kg7 31. Re6 Rd7 32. Qe4 Rd4 33. Qc6
Rd7 34. h4 h5 35. Kg2 Re7 36. Rd6 Rc7 37. Qe4 Re7 38. Qd4 Re6 39. Rd7 Re7 40.
Rd5 Re8 41. b4 Qb7 42. Kh2 Re7 43. a3 Qc6 44. Qd3 Qe6 45. Rd6 Qe5 46. Rd8 Qe1
47. Kg2 Qe6 48. Rd6 Qe5 49. Rc6 Re8 50. Qc4 f5 51. Kh2 Re7 52. Qd3 Rf7 53. Kg2
Re7 54. Kh2 Rf7 55. b5 Kh7 56. Kg2 Kg7 57. a4 Kh7 58. Qc4 Re7 59. Rc8 Kh6 60.
Kh2 Qf6 61. Rc6 Qf7 62. Qd4 Qg7 63. Qf4+ Kh7 64. Rc8 Rd7 65. Qc4 Re7 66. Kg2
Rd7 67. Re8 Rc7 68. Qe6 Rf7 69. Qc8 f4 70. Qe6 1/2-1/2

[Event "Chigorin Memorial"]
[Site "St Petersburg"]
[Date "2015.10.11"]
[Round "9.9"]
[White "Demchenko, Anton"]
[Black "Golubov, Saveliy"]
[Result "1/2-1/2"]
[WhiteElo "2595"]
[BlackElo "2453"]
[PlyCount "65"]
[EventDate "2015.10.03"]
[EventRounds "9"]
[EventCountry "RUS"]
[WhiteClock "0:17:31"]
[BlackClock "0:34:52"]

1. Nf3 Nf6 2. g3 d5 3. Bg2 e6 4. O-O Be7 5. d3 O-O 6. Nbd2 c5 7. e4 Nc6 8. Re1
dxe4 9. dxe4 e5 10. Nc4 Qc7 11. Ne3 Rd8 12. Nd5 Nxd5 13. exd5 c4 14. Qe2 Rxd5
15. Ng5 Rd6 16. Qxc4 Bxg5 17. Bxg5 Be6 18. Qc5 b6 19. Qc3 f6 20. Rad1 Rad8 21.
Rxd6 Rxd6 22. Be3 Qd7 23. f4 Bd5 24. fxe5 Nxe5 25. Bf4 Bxg2 26. Kxg2 Rd4 27.
Bxe5 Qd5+ 28. Kf2 fxe5 29. Qc8+ Kf7 30. Qf5+ Kg8 31. Qc8+ Kf7 32. Qf5+ Kg8 33.
Qc8+ 1/2-1/2

[Event "Chigorin Memorial"]
[Site "St Petersburg"]
[Date "2015.10.11"]
[Round "9.10"]
[White "Amonatov, Farrukh"]
[Black "Korchmar, Vasiliy"]
[Result "1/2-1/2"]
[WhiteElo "2591"]
[BlackElo "2402"]
[PlyCount "79"]
[EventDate "2015.10.03"]
[EventRounds "9"]
[EventCountry "RUS"]
[WhiteClock "0:42:42"]
[BlackClock "0:06:53"]

1. e4 e5 2. Nf3 Nc6 3. Bb5 a6 4. Ba4 Nf6 5. O-O Be7 6. Re1 b5 7. Bb3 O-O 8. h3
Bb7 9. d3 d5 10. exd5 Nxd5 11. Nc3 Nxc3 12. bxc3 Bf6 13. Ba3 Re8 14. Nd2 Na5
15. Ne4 Be7 16. Bxe7 Qxe7 17. Qh5 Nxb3 18. axb3 c5 19. f4 Qc7 20. c4 bxc4 21.
bxc4 a5 22. f5 Bxe4 23. Rxe4 Ra6 24. Rf1 Qe7 25. c3 Rd6 26. Qe2 f6 27. Ra1 Qa7
28. Rh4 Red8 29. Qh5 h6 30. Rg4 Rxd3 31. Qxh6 Rd1+ 32. Rxd1 Rxd1+ 33. Kh2 e4
34. Qf4 a4 35. Qxe4 Qb8+ 36. Rg3 a3 37. Qe7 Rh1+ 38. Kxh1 Qxg3 39. Qe8+ Kh7 40.
Qh5+ 1/2-1/2

[Event "Chigorin Memorial"]
[Site "St Petersburg"]
[Date "2015.10.11"]
[Round "9.11"]
[White "Esen, Baris"]
[Black "Duzhakov, Ilya"]
[Result "1/2-1/2"]
[WhiteElo "2570"]
[BlackElo "2381"]
[PlyCount "112"]
[EventDate "2015.10.03"]
[EventRounds "9"]
[EventCountry "RUS"]
[WhiteClock "0:28:30"]
[BlackClock "0:02:03"]

1. d4 Nf6 2. Nf3 g6 3. c4 Bg7 4. g3 d5 5. Bg2 c6 6. Qa4 O-O 7. O-O Nbd7 8. cxd5
Nb6 9. Qa3 cxd5 10. Nc3 Bf5 11. Bf4 Nc4 12. Qb3 Na5 13. Qb4 Rc8 14. Rac1 a6 15.
Ne5 b5 16. a4 bxa4 17. Qxa4 e6 18. b4 Nc4 19. Qxa6 Ra8 20. Qc6 Rc8 21. Qa4 Qb6
22. e3 h6 23. h4 Nxe5 24. Bxe5 Bd3 25. Rfd1 Ra8 26. Qb3 Bc4 27. Qb2 Nd7 28.
Bxg7 Kxg7 29. e4 Nf6 30. exd5 exd5 31. b5 Rab8 32. Ra1 Rfd8 33. Qb4 Rd6 34. Qc5
Qd8 35. Ra7 Rc8 36. Qb4 Rb8 37. Re1 Rd7 38. Rxd7 Qxd7 39. b6 Qc6 40. Rb1 Rb7
41. Bh3 Bd3 42. Rb3 Qe8 43. Na4 Bc2 44. Nc5 Re7 45. Rf3 Re1+ 46. Kh2 Rb1 47.
Qxb1 Bxb1 48. b7 Bf5 49. Bxf5 gxf5 50. Rxf5 Ng4+ 51. Kh3 h5 52. Kg2 Qb5 53.
Rxd5 Ne3+ 54. fxe3 Qe2+ 55. Kg1 Qe1+ 56. Kg2 Qe2+ 1/2-1/2

[Event "Chigorin Memorial"]
[Site "St Petersburg"]
[Date "2015.10.11"]
[Round "9.12"]
[White "Tukhaev, Adam"]
[Black "Bublei, Pavel"]
[Result "1-0"]
[WhiteElo "2569"]
[BlackElo "2380"]
[PlyCount "81"]
[EventDate "2015.10.03"]
[EventRounds "9"]
[EventCountry "RUS"]
[WhiteClock "0:28:59"]
[BlackClock "0:38:13"]

1. e4 c6 2. d4 d5 3. Nc3 dxe4 4. Nxe4 Nf6 5. Nxf6+ exf6 6. c3 Bf5 7. Ne2 Bd6 8.
Ng3 Bxg3 9. hxg3 O-O 10. Be2 Re8 11. O-O Nd7 12. Be3 Nf8 13. c4 Qd6 14. Qd2 b6
15. Rad1 Rad8 16. Rfe1 Ng6 17. Qc3 Qc7 18. Qa3 Qe7 19. Qb3 Qd6 20. c5 bxc5 21.
dxc5 Qc7 22. Qa3 Rxd1 23. Rxd1 Be4 24. b4 Ne5 25. Qc3 Rd8 26. Rd4 Rxd4 27. Qxd4
Bd5 28. a4 Qb7 29. b5 Nd7 30. f3 h6 31. Kf2 Qa8 32. Qb4 Qc8 33. g4 Qf8 34. Qa5
Qb8 35. b6 axb6 36. cxb6 c5 37. Bxc5 Qh2 38. Be3 Bb7 39. Qh5 Qd6 40. a5 Ne5 41.
a6 1-0

[Event "Chigorin Memorial"]
[Site "St Petersburg"]
[Date "2015.10.11"]
[Round "9.13"]
[White "Paravyan, David"]
[Black "Stupak, Kirill"]
[Result "0-1"]
[WhiteElo "2486"]
[BlackElo "2531"]
[PlyCount "56"]
[EventDate "2015.10.03"]
[EventRounds "9"]
[EventCountry "RUS"]

1. d4 Nf6 2. c4 e6 3. Nf3 b6 4. g3 Bb7 5. Bg2 Be7 6. O-O O-O 7. Re1 d5 8. cxd5
exd5 9. Nc3 Na6 10. Bf4 c5 11. Ne5 Ne4 12. Rc1 cxd4 13. Nb5 Bb4 14. Rf1 g5 15.
a3 Bc5 16. b4 gxf4 17. bxc5 bxc5 18. gxf4 f6 19. Nd3 Qb6 20. Rb1 Qc6 21. Qc2
Kh8 22. Rfc1 Rg8 23. Nxd4 Qd7 24. Nf3 d4 25. Kh1 Rxg2 26. Kxg2 Rg8+ 27. Kf1
Qh3+ 28. Ke1 Qg2 0-1

[Event "Chigorin Memorial"]
[Site "St Petersburg"]
[Date "2015.10.11"]
[Round "9.14"]
[White "Malakhov, Igor"]
[Black "Levin, Evgeny A"]
[Result "1-0"]
[WhiteElo "2438"]
[BlackElo "2508"]
[PlyCount "143"]
[EventDate "2015.10.03"]
[EventRounds "9"]
[EventCountry "RUS"]

1. e4 c5 2. b3 b6 3. Bb2 Bb7 4. Nc3 e6 5. Qe2 Nc6 6. O-O-O Nf6 7. f4 Be7 8. Nf3
Nd4 9. Qf2 Nxf3 10. gxf3 Nh5 11. f5 Qb8 12. d4 cxd4 13. Qxd4 O-O 14. Bc4 Rd8
15. Kb1 Bf6 16. Qf2 Nf4 17. fxe6 dxe6 18. Rxd8+ Qxd8 19. Rd1 Qc7 20. Qe3 Ng6
21. f4 Rd8 22. e5 Rxd1+ 23. Nxd1 Bh4 24. a4 Qd8 25. Nc3 Be7 26. f5 exf5 27. e6
f6 28. Nb5 f4 29. Qe1 f3 30. Nxa7 Qb8 31. Nb5 Qxh2 32. Bd4 Ne5 33. Bf1 Ng4 34.
Bxb6 Qe5 35. Qd2 Qd5 36. Bd3 Ne5 37. Qh2 g6 38. Bc4 Qc6 39. Bd8 Qe8 40. Bxe7
Qxe7 41. Bf1 Qxe6 42. Qf4 Kg7 43. Qb4 Nc6 44. Qd2 Ne5 45. Qb4 Qd7 46. Nd6 Bc6
47. a5 Qg4 48. Nc4 Nxc4 49. Qe7+ Kh6 50. Bxc4 Qd4 51. Qc7 Ba8 52. Qb8 Qe4 53.
a6 Kg5 54. Qg3+ Kh6 55. Bd3 Qe7 56. Ka2 Qb4 57. Qh3+ Kg5 58. Qg3+ Kh5 59. Qc7
Be4 60. a7 f5 61. Qb8 Qa5+ 62. Kb2 Bc6 63. b4 Qd5 64. Kc3 Kg4 65. Bc4 Qxc4+ 66.
Kxc4 f2 67. Kc5 f1=Q 68. Kxc6 Qc4+ 69. Kd6 Qd4+ 70. Ke6 Qe4+ 71. Kf7 Qd5+ 72.
Kf8 1-0

[Event "Chigorin Memorial"]
[Site "St Petersburg"]
[Date "2015.10.11"]
[Round "9.15"]
[White "Bok, Benjamin"]
[Black "Palachev, Petr"]
[Result "1-0"]
[WhiteElo "2591"]
[BlackElo "2373"]
[PlyCount "135"]
[EventDate "2015.10.03"]
[EventRounds "9"]
[EventCountry "RUS"]

1. e4 c6 2. d4 d5 3. e5 Bf5 4. Nf3 e6 5. Be2 Nd7 6. O-O h6 7. c3 Ne7 8. Na3 Nc8
9. Nc2 Be7 10. Nfe1 O-O 11. Bd3 Bxd3 12. Nxd3 c5 13. Be3 c4 14. Nf4 Bg5 15. Qg4
Bxf4 16. Bxf4 f5 17. exf6 Qxf6 18. Bg3 Ne7 19. Rae1 Nf5 20. Ne3 Rae8 21. Qd1 b5
22. Re2 Nxg3 23. hxg3 Qg6 24. Rfe1 Nf6 25. Nf1 Ne4 26. Nd2 Nxd2 27. Qxd2 Rf6
28. Qe3 Rb8 29. b3 cxb3 30. axb3 Rb6 31. Ra1 Rf7 32. Rea2 Rbb7 33. Ra6 Rf6 34.
b4 Qf7 35. f3 Qd7 36. R1a3 Kh8 37. g4 g5 38. Kf2 Kg8 39. Qe5 Kf7 40. Ke2 Rc7
41. Qxc7 Qxc7 42. Rxa7 Qxa7 43. Rxa7+ Kg6 44. Re7 h5 45. gxh5+ Kxh5 46. g4+ Kh6
47. Kf2 Kg6 48. Ke3 Kh6 49. Rb7 Kg6 50. Rxb5 Rf8 51. Ra5 Rc8 52. Ra3 Kf6 53. b5
Rb8 54. Rb3 Rb6 55. Kd3 Ke7 56. c4 dxc4+ 57. Kxc4 Kd6 58. Kd3 Kd5 59. Rb1 e5
60. dxe5 Kxe5 61. Kc4 Rf6 62. b6 Kf4 63. b7 Rf8 64. b8=Q+ Rxb8 65. Rxb8 Kxf3
66. Kd3 Kxg4 67. Ke2 Kh3 68. Kf2 1-0

[Event "Chigorin Memorial"]
[Site "St Petersburg"]
[Date "2015.10.11"]
[Round "9.16"]
[White "Maletin, Pavel"]
[Black "Ponfilenok, Vladimir"]
[Result "1-0"]
[WhiteElo "2581"]
[BlackElo "2395"]
[PlyCount "53"]
[EventDate "2015.10.03"]
[EventRounds "9"]
[EventCountry "RUS"]

1. c4 f5 2. g3 Nf6 3. Bg2 e6 4. Nf3 d5 5. O-O Be7 6. b3 d4 7. e3 c5 8. exd4
cxd4 9. d3 Nc6 10. Re1 O-O 11. a3 a5 12. Bf4 Nh5 13. Be5 f4 14. Nbd2 Bf6 15.
Qe2 Ra6 16. Bh3 Bxe5 17. Nxe5 Nf6 18. Ndf3 Qd6 19. Nxc6 Rxc6 20. b4 axb4 21.
axb4 Qxb4 22. Nxd4 Rd6 23. Qe5 fxg3 24. hxg3 Rfd8 25. Nxe6 Bxe6 26. Bxe6+ Kf8
27. Reb1 1-0